| 000 | 00729nam a22002057a 4500 | ||
|---|---|---|---|
| 005 | 20240524144244.0 | ||
| 008 | 231109b mx |||||||| |||| 00| 0 spa d | ||
| 020 | _a9786078519460 (UAEM) | ||
| 050 | 0 | 4 |
_aPQ7298.436.O77 _bA64 2017 |
| 100 | 1 | _aZorrilla, María Luisa | |
| 245 | 1 | 3 |
_aEl abanico de libra _b: una novela transmedia _c/ María Luisa Zorrilla. |
| 250 | _a1a ed. | ||
| 260 |
_aMéxico : _bUniversidad Autónoma del Estado de Morelos, _c2017 |
||
| 300 |
_a319 p. : _bil. ; _c23 cm. |
||
| 650 | 7 |
_2lemb _aLiteratura mexicana _ySiglo XXI |
|
| 650 | 7 |
_2lemb _aNovela mexicana _ySiglo XXI |
|
| 650 | 7 |
_2lemb _aLiteratura _xAdolescentes |
|
| 650 | 7 |
_2lemb _aLiteratura _xExistencialismo |
|
| 942 |
_2lcc _cLIB |
||
| 999 |
_c168940 _d168938 |
||